Statistieken voor Beste teams in UEFA Champions League

Klik hier om de quiz te nemen!

Algemene statistieken

  • Deze quiz is 483 keer genomen
    (211 sinds de laatste reset)
  • De gemiddelde score is 14 van 20

Antwoordstatistieken

RankTeam% Correct
3Barcelona
99%
1Real Madrid
99%
10AFC Ajax
95%
6AC Milaan
93%
14Inter Milaan
93%
4Manchester United
93%
2Bayern Munchen
92%
9Liverpool
87%
12Chelsea
85%
5Juventus
85%
15Borussia Dortmund
82%
18PSV Eindhoven
80%
8Porto
69%
7SL Benfica
66%
11Arsenal
64%
13Atletico Madrid
61%
19Celtic
36%
17Olympique Lyonnais
28%
20RSC Anderlecht
19%
16Dynamo Kyiv
8%

Scoreverdeling

Percentiel versus Aantal Correcte Antwoorden

Procent van Mensen met Elke Score

Uw Scoregeschiedenis

U heeft deze quiz nog niet genomen sinds de laatste reset